000 00791nam a2200265Ia 4500
003 OSt
005 20220926012104.0
006 a|||||r|||| 00| 0
007 ta
008 220923b |||||||| |||| 00| 0 eng d
037 _cGeneral Book
040 _aRTL
_cRTL
_beng
041 _2eng
_aeng
082 _aX:89K:(B), M3
100 _aIsard Walter
_994154
245 0 _aInternational and regional conflict
_b analytic appr
260 _aNew York
_bBallinger
_c1983
300 _axv, 236p
_ccm.
490 _aPeace Science Studies series. 3.
500 _aBibliography chapterwise
650 _aRegional Economics
700 _a Nagao Yoshimi Ed.
_9315476
942 _hX:89K:(B), M3
_cGB
_2CC
999 _c621656
_d621656